00699nam a2200229Ia 4500003000400000005001700004008004100021020001800062040001800080041000800098082002000106100001600126245007700142250001200219260004600231300003000277650003800307650005500345650002900400700001900429700002100448OSt20251031113017.0210716s2012 xx 000 0 und d a9788126523313 cAIMIT LIBRARY aeng a005.8 22bCOLE aCole, Eric. aNetwork security bible /cBy Eric Cole, Ronald Krutz and James W Conley. a2nd ed. aNew Delhi :bWiley India Pvt Ltd ,c2012. axliv;891p. ;bPBc23.8 cm aThe user interface design process aUnderstanding the principles of good screen design aChoose the proper colors aKrutz, Ronald. aConley, James W.